| 000 | 01567nam a2200313 4500 | ||
|---|---|---|---|
| 001 | 114680 | ||
| 003 | DR-UNIBE | ||
| 005 | 20260522142907.0 | ||
| 008 | 260522b2018 dr ||||| |||| 00| 1 spa d | ||
| 020 | _a9789945197648 | ||
| 040 |
_aBIBLIOTECA UNIBE _bspa _cBIBLIOTECA UNIBE _erda |
||
| 041 | _aspa | ||
| 090 | _aFBIU-L C C965 | ||
| 245 | 1 | 0 |
_aCuentos de los abuelos : _bantología / _cselección, edición, presentación, fotografías: Andrés Blanco Díaz ; director editorial: Claudia Llibre ; director de arte y producción: Moises Kelly Santana ; subdirector de arte: Lilian Salcedo Fernández ; diagramación: Ana Gómez Otaño |
| 250 | _aPrimera edición | ||
| 260 |
_aSanto Domingo : _bLoqueleo : _bSantillana, _c2018 |
||
| 300 |
_a220 páginas : _bfotos en b/n ; _c21 x 14 cm |
||
| 500 | _aIncluye biografía del compilador y comentario de la obra en la contraportada, fotografías del archivo personal de Andrés Blanco Díaz | ||
| 653 | 7 | _aCuentos dominicanos - Antologías | |
| 653 | 7 | _aHistoria colonial dominicana - Cuentos - Antologías | |
| 653 | 7 | _aHistoria republicana dominicana - Cuentos - Antologías | |
| 653 | 7 | _aLiteratura dominicana - Antologías | |
| 700 | 1 | 0 |
_aBlanco Díaz, Andrés, _d1954- _9144547 _eselección _eeditor _epresentador _efotografías |
| 700 | 1 | 0 |
_aLlibre, Claudia _9115216 _edirector editorial |
| 700 | 1 | 0 |
_aKelly Santana, Moisés _9115217 _edirector de arte _eproducción |
| 700 | 1 | 0 |
_aSalcedo Fernández, Lilian _9115218 _esubdirector de arte |
| 700 | 1 | 0 |
_aGómez Otaño, Ana _9115219 _ediagramador |
| 942 |
_2ddc _cBK |
||
| 999 |
_c114680 _d114680 |
||